000 00490nam a2200145Ia 4500
008 100204s9999 xx 000 0 und d
082 _b13140
100 _aखाडिलकर वसंत माधव
245 _aश्री गंधर्व वेद
260 _b"गंधर्व वेद, प्रकाशन"
_c1990
300 _a576
630 _aश्री गंधर्व वेद
730 _aश्री गंधर्व वेद
942 _cBOOK
999 _c457572
_d457569